MARC details
| 000 -LEADER |
| fixed length control field |
01931cam a2200457 a 4500 |
| 001 - CONTROL NUMBER |
| control field |
13491890 |
| 003 - CONTROL NUMBER IDENTIFIER |
| control field |
OSt |
| 005 - DATE AND TIME OF LATEST TRANSACTION |
| control field |
20160310174227.0 |
| 008 - FIXED-LENGTH DATA ELEMENTS--GENERAL INFORMATION |
| fixed length control field |
040217s2001 enk b 001 0 eng |
| 010 ## - LIBRARY OF CONGRESS CONTROL NUMBER |
| LC control number |
2004269652 |
| 015 ## - NATIONAL BIBLIOGRAPHY NUMBER |
| National bibliography number |
GBA0-W7087 |
| 020 ## - INTERNATIONAL STANDARD BOOK NUMBER |
| International Standard Book Number |
0855984589 |
| 020 ## - INTERNATIONAL STANDARD BOOK NUMBER |
| International Standard Book Number |
0855984384 (pbk.) |
| 035 ## - SYSTEM CONTROL NUMBER |
| System control number |
(OCoLC)ocm44736322 |
| 040 ## - CATALOGING SOURCE |
| Original cataloging agency |
UKM |
| Transcribing agency |
UKM |
| Modifying agency |
C#P |
| -- |
COD |
| -- |
IQU |
| -- |
LVB |
| -- |
DLC |
| 042 ## - AUTHENTICATION CODE |
| Authentication code |
lccopycat |
| 050 00 - LIBRARY OF CONGRESS CALL NUMBER |
| Classification number |
HV6250.4.W65 |
| Item number |
P53 2001 |
| 082 04 - DEWEY DECIMAL CLASSIFICATION NUMBER |
| Classification number |
362.8292 |
| Edition number |
21 |
| Item number |
PIC 2001 |
| 100 1# - MAIN ENTRY--PERSONAL NAME |
| Personal name |
Pickup, Francine. |
| 9 (RLIN) |
7298 |
| 245 10 - TITLE STATEMENT |
| Title |
Ending violence against women : |
| Remainder of title |
a challenge for development and humanitarian work / |
| Statement of responsibility, etc. |
Francine Pickup ; with Suzanne Williams and Caroline Sweetman. |
| 260 ## - PUBLICATION, DISTRIBUTION, ETC. (IMPRINT) |
| Place of publication, distribution, etc. |
Oxford : |
| Name of publisher, distributor, etc. |
Oxfam GB ; |
| Place of publication, distribution, etc. |
Herndon, VA : |
| Name of publisher, distributor, etc. |
Stylus [distributor], |
| Date of publication, distribution, etc. |
2001. |
| 300 ## - PHYSICAL DESCRIPTION |
| Extent |
xx, 366 p. ; |
| Dimensions |
25 cm. |
| 504 ## - BIBLIOGRAPHY, ETC. NOTE |
| Bibliography, etc |
Includes bibliographical references (p. 323-350) and index. |
| 650 #0 - SUBJECT ADDED ENTRY--TOPICAL TERM |
| Topical term or geographic name as entry element |
Women |
| General subdivision |
Violence against. |
| 9 (RLIN) |
7299 |
| 650 #0 - SUBJECT ADDED ENTRY--TOPICAL TERM |
| Topical term or geographic name as entry element |
Women |
| General subdivision |
Violence against |
| -- |
Prevention. |
| 9 (RLIN) |
7300 |
| 650 #0 - SUBJECT ADDED ENTRY--TOPICAL TERM |
| Topical term or geographic name as entry element |
Women |
| General subdivision |
Crimes against. |
| 9 (RLIN) |
7301 |
| 650 #0 - SUBJECT ADDED ENTRY--TOPICAL TERM |
| Topical term or geographic name as entry element |
Women |
| General subdivision |
Crimes against |
| -- |
Prevention. |
| 9 (RLIN) |
7302 |
| 650 #6 - SUBJECT ADDED ENTRY--TOPICAL TERM |
| Topical term or geographic name as entry element |
Violence envers les femmes. |
| 9 (RLIN) |
7303 |
| 650 #6 - SUBJECT ADDED ENTRY--TOPICAL TERM |
| Topical term or geographic name as entry element |
Violence envers les femmes |
| General subdivision |
Pr�evention. |
| 9 (RLIN) |
7304 |
| 650 #6 - SUBJECT ADDED ENTRY--TOPICAL TERM |
| Topical term or geographic name as entry element |
Femmes, Crimes contre les. |
| 9 (RLIN) |
7305 |
| 650 #6 - SUBJECT ADDED ENTRY--TOPICAL TERM |
| Topical term or geographic name as entry element |
Femmes, Crimes contre les |
| General subdivision |
Pr�evention. |
| 9 (RLIN) |
7306 |
| 700 1# - ADDED ENTRY--PERSONAL NAME |
| Personal name |
Williams, Suzanne |
| Titles and other words associated with a name |
(Social anthropologist) |
| 9 (RLIN) |
7307 |
| 700 1# - ADDED ENTRY--PERSONAL NAME |
| Personal name |
Sweetman, Caroline. |
| 9 (RLIN) |
7308 |
| 710 2# - ADDED ENTRY--CORPORATE NAME |
| Corporate name or jurisdiction name as entry element |
Oxfam GB. |
| 9 (RLIN) |
7309 |
| 856 42 - ELECTRONIC LOCATION AND ACCESS |
| Materials specified |
Contributor biographical information |
| Uniform Resource Identifier |
http://www.loc.gov/catdir/enhancements/fy1115/2004269652-b.html |
| 856 42 - ELECTRONIC LOCATION AND ACCESS |
| Materials specified |
Publisher description |
| Uniform Resource Identifier |
http://www.loc.gov/catdir/enhancements/fy1115/2004269652-d.html |
| 856 41 - ELECTRONIC LOCATION AND ACCESS |
| Materials specified |
Table of contents only |
| Uniform Resource Identifier |
http://www.loc.gov/catdir/enhancements/fy1115/2004269652-t.html |
| 906 ## - LOCAL DATA ELEMENT F, LDF (RLIN) |
| a |
7 |
| b |
cbc |
| c |
copycat |
| d |
2 |
| e |
ncip |
| f |
20 |
| g |
y-gencatlg |
| 942 ## - ADDED ENTRY ELEMENTS (KOHA) |
| Source of classification or shelving scheme |
Dewey Decimal Classification |
| Koha item type |
Short Loan |